[Event "Jurmala"]
[Site "Jurmala"]
[Date "1978.??.??"]
[Round "6"]
[White "Westerinen, Heikki MJ"]
[Black "Sahovic, Dragutin"]
[Result "1-0"]
[WhiteElo "2450"]
[BlackElo "2490"]

1.e4 e6 2.d4 d5 3.Nc3 Bb4 4.e5 b6 5.h4 Qd7 6.h5 h6 7.f4 Ne7 8.Nf3 Bxc3+ 9.bxc3 Ba6
10.Bxa6 Nxa6 11.a4 Nb8 12.a5 Nbc6 13.axb6 cxb6 14.Qd3 Na5 15.g4 Nc4 16.Nh4 O-O-O
17.f5 f6 18.Bf4 Nc6 19.Ng6 Rhe8 20.O-O exf5 21.gxf5 fxe5 22.dxe5 N6xe5 23.Nxe5 Nxe5
24.Qa6+ Qb7 25.Qxa7 Nc6 26.Qa4 Re2 27.Qb5 Rde8 28.Ra6 Na7 29.Qxb6 Qxb6+ 30.Rxb6 R8e7
31.Ra1 Rb7 32.Rba6  1-0

[Event "Lone Pine op"]
[Site "Lone Pine"]
[Date "1978.??.??"]
[Round "3"]
[White "Van Riemsdijk, Herman C"]
[Black "Odendahl, Steven M"]
[Result "1/2-1/2"]
[WhiteElo "2375"]
[BlackElo "2275"]

1.e4 e6 2.d4 d5 3.Nc3 Bb4 4.e5 b6 5.Bd2 Qd7 6.Nf3 Ba6 7.Bxa6 Nxa6 8.O-O Ne7
9.Ne2 Bxd2 10.Qxd2 O-O 11.c3 Nb8 12.Qd3 h6 13.Nh4 c5 14.f4 f5 15.exf6 Rxf6
16.Ng3 Nbc6 17.dxc5 Qc7 18.Nh5 Rf7 19.Qe3 bxc5 20.Qxe6 Qc8 21.Qe2 Qd7 22.f5 Nxf5
23.Qg4 Ne5 24.Qf4 Nxh4 25.Qxe5 Re8 26.Qg3 Nf5 27.Qg4 Re4 28.Rf4 Rxf4 29.Qxf4 Qe7
30.Rf1 Qe3+ 31.Qxe3 Nxe3 32.Rxf7 Kxf7 33.Nf4  1/2-1/2

[Event "SWE-ch"]
[Site "SWE"]
[Date "1978.??.??"]
[Round "?"]
[White "Korman, U."]
[Black "Bjork, Carl Magnus"]
[Result "0-1"]
[WhiteElo "2200"]
[BlackElo "2200"]

1.e4 e6 2.d4 d5 3.Nc3 Bb4 4.e5 Ne7 5.Qg4 c5 6.a3 Bxc3+ 7.bxc3 O-O 8.Nf3 Nbc6
9.Bd3 f5 10.Qh3 Qa5 11.Bd2 cxd4 12.cxd4 Qa4 13.Bc3 h6 14.Rg1 Ng6 15.Qg3 Kh7
16.h4 b6 17.h5 Nge7 18.Qf4 Ba6 19.Kd2 Bxd3 20.cxd3 Na5 21.Bxa5 Qxa5+ 22.Ke2 Rac8
23.Ra2 Qa4 24.g4 Qe8 25.g5 Qxh5 26.gxh6 gxh6 27.Rg2 Ng6 28.Qg3 f4 29.Qh2 Qxh2
30.Rxh2 Kg7 31.Ra1 Rc2+ 32.Nd2 Ne7 33.Rg1+ Kh7 34.Kd1 Rfc8 35.Rg4 Nf5 36.Rxf4 Rc1+
37.Ke2 R8c2 38.Rh5 Ra1 39.Rhxf5 exf5 40.Rxf5 Raa2 41.f4 Rxd2+  0-1

[Event "Vilnius"]
[Site "Vilnius"]
[Date "1978.??.??"]
[Round "11"]
[White "Damjanovic, Mato"]
[Black "Gulko, Boris F"]
[Result "1-0"]
[WhiteElo "2455"]
[BlackElo "2575"]

1.e4 e6 2.d4 d5 3.Nc3 Bb4 4.e5 Ne7 5.Bd2 Nf5 6.Nf3 b6 7.Bd3 Ba6 8.Bxf5 exf5
9.Ne2 Be7 10.O-O O-O 11.Re1 Bc8 12.Nf4 Be6 13.Qe2 c5 14.c4 Nc6 15.dxc5 bxc5
16.cxd5 Bxd5 17.Bc3 Nd4 18.Bxd4 Bxf3 19.Qxf3 Qxd4 20.Rad1 Qxb2 21.e6 Rae8
22.Re2 Qb5 23.g3 Bf6 24.Rde1 fxe6 25.Nxe6 Rf7 26.Qd5 Qd7 27.Qc4 Rc8 28.Nxc5 g6
29.Re6 Qd8 30.Qb3 Kg7 31.Nb7 Qd2 32.Nd6 Rc3 33.Qb8 Rc1 34.Rxc1 Qxc1+ 35.Kg2 Qc6+
36.Kh3 Qh1 37.Qb5 a6 38.Qe2 Rf8 39.Ne8+ Rxe8 40.Rxe8 g5 41.f3 h5 42.g4 hxg4+
43.fxg4 f4 44.Re4 a5 45.Rc4 Qd5 46.Rc1 a4 47.Rd1 Qc6 48.Rd3 Qb7 49.Qd1 Qe4
50.Rd7+ Kf8 51.Qd3 Qe1 52.Kg2 Be7 53.Ra7 Qe6 54.Qf5+ Qxf5 55.gxf5 a3 56.Kf3 Kf7
57.Ra6 Bc5 58.h3 Be7 59.Ke4 Bb4 60.Rc6 Ba5 61.Rc8 Kf6 62.Rg8 Bd2 63.Rg6+ Kf7
64.Kf3  1-0

[Event "AUT-ch"]
[Site "AUT"]
[Date "1979.??.??"]
[Round "10"]
[White "Fischbacher, J."]
[Black "Nagel, Herbert"]
[Result "1/2-1/2"]
[WhiteElo "2200"]
[BlackElo "2200"]

1.e4 e6 2.d4 d5 3.Nc3 Bb4 4.e5 Qd7 5.a3 Bxc3+ 6.bxc3 b6 7.Bd3 Ba6 8.Ne2 Bxd3
9.Qxd3 Nc6 10.O-O Na5 11.Nf4 g6 12.Qh3 O-O-O 13.a4 Ne7 14.Nd3 h6 15.Ba3 Nc4
16.Bxe7 Qxe7 17.f4 a5 18.Rf2 Kb7 19.Qf3 h5 20.g3 Ka7 21.Kf1 Rb8 22.Ke2 c5
23.Rff1 cxd4 24.cxd4 Rhc8 25.Rfc1 Rc7 26.c3 Rbc8 27.Nf2 Na3 28.Nd1 Rb8 29.Qd3 b5
30.axb5 Rxb5 31.Rxa3 Qxa3 32.Qxb5 Qxc1 33.Qxa5+ Kb7 34.Qb5+ Kc8 35.Qe8+  1/2-1/2

[Event "Hastings7980"]
[Site "Hastings"]
[Date "1979.??.??"]
[Round "6"]
[White "Makarichev, Sergey"]
[Black "Raicevic, Vladimir"]
[Result "1-0"]
[WhiteElo "2500"]
[BlackElo "2440"]

1.e4 e6 2.d4 d5 3.Nc3 Bb4 4.e5 Ne7 5.a3 Bxc3+ 6.bxc3 c5 7.Nf3 Qa5 8.Bd2 Nbc6
9.Be2 c4 10.Ng5 f6 11.Bh5+ Ng6 12.Nxh7 Kf7 13.Ng5+ fxg5 14.Qf3+ Ke8 15.Bxg6+ Kd8
16.Qf7 Bd7 17.Qxg7 Kc7 18.Bf7 Rad8 19.Bxe6 Rhe8 20.Bxd7 Rxd7 21.Qxg5 Ree7
22.O-O Rg7 23.Qe3 Rdf7 24.e6 Rf5 25.Qh6 Re7 26.Bf4+ Kb6 27.Bd6 Ka6 28.Bxe7 Nxe7
29.Qh7 Qc7 30.f4 Qd6 31.Rae1  1-0

[Event "Marshall op"]
[Site "New York"]
[Date "1979.??.??"]
[Round "4"]
[White "Williams, Alan P"]
[Black "Shahade, Michael"]
[Result "0-1"]
[WhiteElo "2395"]
[BlackElo "2340"]

1.e4 e6 2.d4 d5 3.Nc3 Bb4 4.e5 Ne7 5.Nf3 c5 6.a3 Bxc3+ 7.bxc3 Nbc6 8.a4 Qa5
9.Bd2 Bd7 10.g3 Qc7 11.Bh3 Nf5 12.O-O cxd4 13.g4 dxc3 14.gxf5 cxd2 15.Qxd2 exf5
16.Qxd5 O-O 17.Rfe1 Be6 18.Qd2 Rad8 19.Qf4 Ne7 20.Rab1 b6 21.Qc1 Rd5 22.Bf1 Ng6
23.Rb5 Rc8 24.Re2 Rxb5 25.axb5 Qc4 26.Qg5 h6 27.Qg3 f4 28.Qg2 Qxb5 29.Nd4 Qd5
30.Nxe6 f3 31.Qh1 fxe6 32.Re3 Rxc2 33.Rd3 Qc6  0-1

[Event "SWE-ch"]
[Site "?"]
[Date "1979.??.??"]
[Round "?"]
[White "Hansson, Dan"]
[Black "Ivarsson, Stefan"]
[Result "0-1"]
[WhiteElo "2300"]
[BlackElo "2410"]

1.e4 e6 2.d4 d5 3.Nc3 Bb4 4.e5 Ne7 5.Bd2 c5 6.Nb5 Bxd2+ 7.Qxd2 O-O 8.c3 Nd7
9.Nf3 Nc6 10.Be2 a6 11.Na3 cxd4 12.cxd4 f6 13.exf6 Nxf6 14.O-O Qd6 15.Nc2 e5
16.dxe5 Nxe5 17.Nxe5 Qxe5 18.Nd4 Bd7 19.Rad1 Rae8 20.Qb4 Rf7 21.Qb3 Rfe7
22.Bf3 Kh8 23.Rd3 h6 24.Qd1 Qd6 25.h3 Re5 26.Qd2 Ne4 27.Qf4 Qg6 28.Bxe4 Rxe4
29.Qc7 Re1 30.Rd1 Bxh3 31.Qh2 Rxd1 32.Rxd1 Bg4 33.Qg3 Bh5 34.Qxg6 Bxg6 35.Rc1 Re4
36.Rc8+ Kh7 37.Nf3 Re2 38.Rc7 Rxb2 39.Nd4 Rxa2 40.Rxb7 Ra1+ 41.Kh2 Re1 42.Rd7 a5
43.Kg3 Rd1 44.Ne6 Bf5 45.Rxg7+ Kh8 46.Re7 a4 47.Kf4 Bxe6 48.Rxe6 Kg7 49.Kf5 a3
50.Re7+ Kf8 51.Ra7 Ra1 52.Kf6 Ke8 53.f4 d4 54.f5 d3 55.Kg7 d2 56.f6 Rf1  0-1

[Event "URS Spartakiad"]
[Site "URS"]
[Date "1979.??.??"]
[Round "?"]
[White "Akhmilovskaya, Elena"]
[Black "Ranniku, Maaja"]
[Result "1-0"]
[WhiteElo "2295"]
[BlackElo "2250"]

1.e4 e6 2.d4 d5 3.Nc3 Bb4 4.e5 Ne7 5.Nf3 c5 6.a3 Bxc3+ 7.bxc3 Nbc6 8.Bd3 Qc7
9.O-O Bd7 10.Re1 Na5 11.a4 b6 12.Ng5 h6 13.Nh3 Nec6 14.Qg4 Nc4 15.Qxg7 O-O-O
16.Be3 f5 17.Nf4 h5 18.Qf6 Rde8 19.Bxc4 dxc4 20.Ng6 Rh7 21.dxc5 bxc5 22.Nf8 Rhe7
23.Bxc5 Qa5 24.Bxe7 Nxe7 25.Nxd7 Nd5 26.Qh4 Kxd7 27.Qxc4 Nxc3 28.Qd4+ Ke7
29.Re3 Nd5 30.Rb3 Rc8 31.c4 Nc7 32.Qd6+ Ke8 33.Rd1 Qxa4 34.Ra3  1-0

[Event "URS Spartakiad"]
[Site "URS"]
[Date "1979.??.??"]
[Round "?"]
[White "Govashelishvili, Genadij"]
[Black "Karner, Hillar"]
[Result "0-1"]
[WhiteElo "2200"]
[BlackElo "2415"]

1.e4 e6 2.d4 d5 3.Nc3 Bb4 4.e5 b6 5.Bd2 Qd7 6.Nf3 Bxc3 7.Bxc3 Ba6 8.Bxa6 Nxa6
9.Qe2 Nb8 10.O-O Nc6 11.b4 a5 12.a3 Nge7 13.Bd2 O-O 14.c3 axb4 15.axb4 Ra7
16.Ng5 h6 17.Nh3 Rfa8 18.Rxa7 Rxa7 19.Nf4 Ng6 20.Nh5 Ra2 21.Qd3 Qd8 22.g3 Nce7
23.f4 Qc8 24.g4 c5 25.Be3 cxb4 26.cxb4 Qc4 27.Qxc4 dxc4 28.f5 exf5 29.gxf5 Nh4
30.f6 Nef5 31.Bc1 Nxd4 32.Kh1 Nhf3 33.Bf4 g5 34.Bg3 g4 35.Nf4 Nf5 36.Bf2 Ne3  0-1

[Event "Berlin tt"]
[Site "Berlin-West"]
[Date "1980.??.??"]
[Round "?"]
[White "Brosius"]
[Black "Lieb, Harald"]
[Result "0-1"]
[WhiteElo "2200"]
[BlackElo "2310"]

1.e4 e6 2.d4 d5 3.Nc3 Bb4 4.e5 Qd7 5.Ne2 b6 6.a3 Be7 7.g3 h5 8.h4 Bb7 9.Bg2 Nh6
10.Be3 Nf5 11.Qd2 c5 12.O-O Nc6 13.Rad1 O-O-O 14.Rfe1 Rdg8 15.Kh1 Nxe3 16.fxe3 g5
17.dxc5 Bxc5 18.Ne4 Nxe5 19.Nf6 Qc7 20.Nxg8 Rxg8 21.hxg5 Nc4 22.Qc3 Nxe3
23.Qf6 d4 24.Nf4 Nxg2 25.Nxg2 Qxg3 26.Qf1 d3  0-1

[Event "Berlin tt"]
[Site "Berlin-West"]
[Date "1980.??.??"]
[Round "?"]
[White "Pritchett, Craig William"]
[Black "Lieb, Harald"]
[Result "1-0"]
[WhiteElo "2390"]
[BlackElo "2310"]

1.e4 e6 2.d4 d5 3.Nc3 Bb4 4.e5 Qd7 5.Ne2 b6 6.a3 Bf8 7.g3 Ba6 8.Bg2 Ne7 9.O-O Nf5
10.Re1 Nc6 11.b3 Be7 12.Bb2 g5 13.Qd2 Na5 14.a4 Rc8 15.Ba3 Bd8 16.Nd1 c5
17.Ne3 Nxe3 18.Qxe3 Bxe2 19.Rxe2 cxd4 20.Qxd4 Be7 21.Bxe7 Qxe7 22.Rae1 h6
23.Qd1 Qb4 24.Rd2 Rc3 25.Rd4 Qe7 26.Bf1 Qc7 27.Bb5+ Ke7 28.Rd3 Rxc2 29.Qf3 Kf8
30.Qf6 Rh7 31.Rf3 Rc1 32.Rxc1 Qxc1+ 33.Kg2 Qc8 34.Bd3 Rg7 35.Qxh6 Nc6 36.Qh8+ Rg8
37.Qf6 Rg7 38.Re3 Ne7 39.Qf3 Nc6 40.Re1 Nd4 41.Qd1 Ke7 42.Re3 Rg8 43.Bh7 Rh8
44.Qxd4 Rxh7 45.Rc3 Qb8 46.Rc6 Kf8 47.Qc3 Kg7 48.Rc8 Qb7 49.Rc7 Qb8 50.Rc8 Qb7
51.Qc1 Qe7 52.Rc7 Qd8 53.Rc8 Qe7 54.Rc7 Qd8 55.Qc6 Kg6 56.Rc8 Qe7 57.Qc2+ f5
58.Qc6 Kh5 59.Rg8 Qd7 60.Qa8 Qe7 61.Qe8+ Rf7 62.Qc8 Rh7 63.h3 d4 64.Rd8 Qc7
65.Qxc7 Rxc7 66.Rxd4 Rc5 67.Rd7 Rxe5 68.Rxa7 Re4 69.Rc7 Rb4 70.Rc6 Rxb3 71.Rxe6 Rb4
72.Rf6 Rxa4 73.Rxf5 Kg6 74.Rb5 Ra6 75.g4 Kh6 76.Kg3 Kg6 77.f3 Kh6 78.h4 gxh4+
79.Kxh4 Kg7 80.f4 Kf7 81.f5 Kg7 82.Kg5 Kf7 83.Rb4 Kg7 84.Kf4 Kh6 85.Re4 Kg7
86.Re7+ Kf8 87.Rb7 Ra4+ 88.Kg5 Rb4 89.Kf6 Ke8 90.g5 Kd8 91.g6 Kc8 92.Re7  1-0

[Event "Budapest"]
[Site "Budapest"]
[Date "1980.??.??"]
[Round "?"]
[White "Kristiansen, Jens"]
[Black "Uhlmann, Wolfgang"]
[Result "1/2-1/2"]
[WhiteElo "2430"]
[BlackElo "2510"]

1.e4 e6 2.d4 d5 3.Nc3 Bb4 4.e5 Ne7 5.a3 Bxc3+ 6.bxc3 c5 7.Nf3 Bd7 8.dxc5 Ng6
9.Be3 Nc6 10.Bd4 Qc7 11.g3 f6 12.exf6 gxf6 13.Bxf6 Rf8 14.Bg5 Nce5 15.Nd4 Qxc5
16.Qd2 Rc8 17.Be2 Nc4 18.Qd3 Nb2 19.Qe3 Nc4 20.Qd3 Nce5 21.Qe3 Nc4 22.Qd3  1/2-1/2

[Event "Favorite"]
[Site "Hamburg"]
[Date "1980.??.??"]
[Round "13"]
[White "Kurajica, Bojan"]
[Black "Karlsson, Lars"]
[Result "1/2-1/2"]
[WhiteElo "2525"]
[BlackElo "2405"]

1.e4 e6 2.d4 d5 3.Nc3 Bb4 4.e5 Qd7 5.Bd3 b6 6.Qg4 Bf8 7.h4 Ba6 8.Bxa6 Nxa6
9.Qe2 Nb8 10.h5 h6 11.Nd1 c5 12.c3 Qa4 13.b3 Qa6 14.Ne3 cxd4 15.cxd4 Ne7
16.Bb2 Nec6 17.f4 Bb4+ 18.Kf2 Qxe2+ 19.Kxe2 a5 20.a4 Ra7 21.f5 Rb7 22.Nh3 b5
23.fxe6 fxe6 24.Nf4 Kd7 25.Ng6 Rc8 26.Rhf1 Nd8 27.Rac1 Rxc1 28.Bxc1 bxa4
29.bxa4 Nbc6 30.Nc2 Kc8 31.Be3 Bc3 32.Rf8 Rb2 33.Kd3 Rb3 34.Ke2 Rb2 35.Kd3 Rb3
36.Ke2 Rb2  1/2-1/2

[Event "Hillerod op"]
[Site "Hillerod"]
[Date "1980.??.??"]
[Round "?"]
[White "Horst, C."]
[Black "Hartung Nielsen, Jens"]
[Result "1-0"]
[WhiteElo "2200"]
[BlackElo "2200"]

1.e4 e6 2.d4 d5 3.Nc3 Bb4 4.e5 Ne7 5.Bd2 c5 6.a3 Bxc3 7.Bxc3 b6 8.Qg4 Nf5
9.Nf3 Ba6 10.Bxa6 Nxa6 11.O-O O-O 12.Bd2 Kh8 13.c3 Qd7 14.Qh5 f6 15.g4 Ne7
16.exf6 gxf6 17.Bh6 Ng6 18.Bxf8 Rxf8 19.Qh6 e5 20.h3 Rg8 21.Rae1 e4 22.Nh4 Qf7
23.f3 Nxh4 24.Qxh4 f5 25.fxe4 dxe4 26.Rxe4 cxd4 27.Re7 Qg6 28.Qe1 Qf6 29.Re6 Qg7
30.Rxf5 dxc3 31.bxc3  1-0

[Event "Makarczyk mem"]
[Site "Lodz"]
[Date "1980.??.??"]
[Round "2"]
[White "Raaste, Eero J"]
[Black "Luczak, Andrzej"]
[Result "1-0"]
[WhiteElo "2420"]
[BlackElo "2430"]

1.e4 e6 2.d4 d5 3.Nc3 Bb4 4.e5 Qd7 5.a3 Bf8 6.Nf3 b6 7.Bb5 c6 8.Be2 c5 9.O-O Ba6
10.Bxa6 Nxa6 11.a4 Nc7 12.Ne2 Ne7 13.a5 Nc6 14.axb6 axb6 15.Rxa8+ Nxa8 16.c3 h6
17.Re1 Be7 18.Nf4 Nc7 19.Nh5 O-O 20.Qd2 f5 21.Nxg7 Kxg7 22.Qxh6+ Kg8 23.Qg6+ Kh8
24.Qh6+ Kg8 25.Qg6+ Kh8 26.Re3 Bd8 27.Ng5 Qg7 28.Qh5+ Kg8 29.Rg3 f4 30.Nxe6 Nxe6
31.Rxg7+ Nxg7 32.Qh6 Ne7 33.dxc5 bxc5 34.Qd6 Kf7 35.Bxf4 Ne6 36.Be3 Bc7 37.Qa6 Rb8
38.Qe2 Bxe5 39.g3 d4 40.Bc1 Bf6 41.cxd4 cxd4 42.Qd3 Kg7 43.h4 Nc5 44.Qf3 Rd8
45.Qg4+ Kf7 46.Qh5+ Kg7 47.Bh6+  1-0

[Event "Makarczyk mem"]
[Site "Lodz"]
[Date "1980.??.??"]
[Round "11"]
[White "Inkiov, Ventzislav"]
[Black "Raaste, Eero J"]
[Result "1-0"]
[WhiteElo "2435"]
[BlackElo "2420"]

1.e4 e6 2.d4 d5 3.Nc3 Bb4 4.e5 Qd7 5.a3 Bf8 6.Nf3 b6 7.Be2 Bb7 8.O-O Nc6
9.Bd3 O-O-O 10.Qe2 Nge7 11.Re1 Re8 12.Bd2 Nf5 13.Bxf5 exf5 14.Qd3 Nd8 15.Ne2 h6
16.a4 a6 17.Nf4 g5 18.Nh5 Be7 19.Ng7 Reg8 20.Nxf5 Ne6 21.Kh1 Kb8 22.Ng1 h5
23.Ne2 Bd8 24.Ne3 g4 25.Rf1 h4 26.f4 gxf3 27.gxf3 Ng5 28.Qf5 Qc6 29.Nf4 Bc8
30.Qd3 Nh3 31.Nxh3 Bxh3 32.Rg1 Rxg1+ 33.Rxg1 Qxa4 34.Nxd5 Qe8 35.c4 Rg8 36.Rxg8 Qxg8
37.Nf4 Bc8 38.d5 Bg5 39.Ne2 Bxd2 40.Qxd2 Qg6 41.Nf4 Qf5 42.Qd4 Qb1+ 43.Kg2 Qc2+
44.Kg1 Qb1+ 45.Kf2 Qh1 46.h3 Bxh3 47.Nxh3 Qxh3 48.d6 Qg3+ 49.Ke2 Qg2+ 50.Ke1 Kc8
51.dxc7 Qh1+ 52.Kd2 Qg2+ 53.Kc1 Qf1+ 54.Kc2 Qe2+ 55.Kb1 Kxc7 56.Qd6+ Kb7
57.Qd7+ Kb8 58.Qe8+ Kc7 59.Qxf7+ Kb8 60.Qe8+ Kc7 61.Qe7+ Kc8 62.Qe6+ Kc7
63.Qd6+ Kb7 64.Qd7+ Kb8 65.Qd8+ Kb7 66.Qd5+ Kc7 67.e6 Qe1+ 68.Kc2 Qe2+ 69.Kb3 b5
70.Qc5+ Kb7 71.e7 bxc4+ 72.Ka4 Qe6 73.f4 h3 74.f5 Qd7+ 75.Ka5 Qd2+ 76.Qb4+ Qxb4+
77.Kxb4 h2 78.e8=Q h1=Q 79.Qe7+ Ka8 80.Qe8+ Ka7 81.f6 a5+ 82.Kc5 Qg1+ 83.Kd5 Qd1+
84.Ke6 Qe2+ 85.Kd7 Qxb2 86.Qe3+ Ka8 87.Qe4+ Ka7 88.f7 Qb5+ 89.Qc6 Qf5+ 90.Qe6 Qb5+
91.Kd8 Qb8+ 92.Ke7 Qb4+ 93.Qd6  1-0

[Event "Lone Pine"]
[Site "Lone Pine"]
[Date "1980.??.??"]
[Round "3"]
[White "Liberzon, Vladimir M"]
[Black "Odendahl, Steven M"]
[Result "0-1"]
[WhiteElo "2545"]
[BlackElo "2400"]

1.e4 e6 2.d4 d5 3.Nc3 Bb4 4.e5 b6 5.Qg4 Bf8 6.Bg5 Qd7 7.h4 h6 8.Bd2 h5 9.Qf4 Nc6
10.a3 Bb7 11.Nf3 O-O-O 12.Bd3 f6 13.O-O Be7 14.Rfe1 Nh6 15.exf6 gxf6 16.Bg6 Rdf8
17.Qxh6 Rxh6 18.Bxh6 Rd8 19.Bf7 e5 20.dxe5 Nxe5 21.Nxe5 fxe5 22.Rxe5 Kb8
23.Be6 Qd6 24.Rae1 Bf6 25.Rf5 Bxc3 26.bxc3 Qxa3 27.Bg7 Re8 28.c4 dxc4 29.Rxh5 Bc8
30.Ra1 Qe7 31.Bxc8 Qxg7  0-1

[Event "Reggio Emilia8081"]
[Site "Reggio Emilia"]
[Date "1980.??.??"]
[Round "1"]
[White "Martorelli, Antonio"]
[Black "Paniagua, Roberto"]
[Result "0-1"]
[WhiteElo "2200"]
[BlackElo "2250"]

1.e4 e6 2.d4 d5 3.Nc3 Bb4 4.e5 Ne7 5.Qg4 Nf5 6.Nf3 Nc6 7.a3 Be7 8.h4 h5 9.Qf4 f6
10.Nb5 O-O 11.exf6 Bxf6 12.Qxc7 Nfxd4 13.Nfxd4 Bxd4 14.f3 Qxc7 15.Nxc7 Rb8
16.Nb5 Be5 17.Bd3 Bg3+ 18.Kd1 e5 19.Bg5 e4 20.fxe4 Bg4+ 21.Kc1 d4 22.a4 Rf2
23.Ra3 Be5 24.Bc4+ Kh7 25.Rd3 Rxg2 26.Rd2 Rxd2 27.Kxd2 Rf8 28.Rf1 Rxf1 29.Bxf1 Kg6
30.c3 dxc3+ 31.bxc3 a6 32.Na3 Bf6 33.Bxf6 Kxf6 34.Nc4 g5 35.hxg5+ Kxg5 36.Ke3 Bd1
37.Nd6 Na5 38.Kd4 Nb3+ 39.Ke3 Na5 40.Kd4 Bxa4 41.Kc5 Nb3+ 42.Kb4 Nd2 43.Bh3 Bc6
44.e5 Nf3 45.e6 Kf6 46.Nf5 Ng5 47.Ng3 Nxh3 48.Nxh5+ Kxe6 49.Kc5 Kf5 50.Ng7+ Kf6
51.Nh5+ Kg6 52.Ng3 Kg5 53.Ne2 Nf4 54.Nd4 Be4 55.Kb6  0-1

[Event "Yerevan"]
[Site "Yerevan"]
[Date "1980.??.??"]
[Round "5"]
[White "Tal, Mihail"]
[Black "Karlsson, Lars"]
[Result "1-0"]
[WhiteElo "2705"]
[BlackElo "2405"]

1.e4 e6 2.d4 d5 3.Nc3 Bb4 4.e5 Qd7 5.Nf3 b6 6.Bd2 Bf8 7.Be2 Ba6 8.O-O c6
9.Bxa6 Nxa6 10.Ne2 Ne7 11.Nf4 g6 12.Rc1 b5 13.Re1 h6 14.Qe2 Nc8 15.a4 Nc7
16.axb5 cxb5 17.Ra1 Be7 18.Nd3 Kf8 19.h4 Kg7 20.h5 Nb6 21.Nh2 Nc4 22.Bc1 a5
23.Ng4 Ne8 24.b3 Nb6 25.Be3 gxh5 26.Nh2 Kf8 27.Qd2 Ng7 28.Bxh6 a4 29.Qf4 Kg8
30.Bxg7 Kxg7 31.Re3 Rh7 32.bxa4 bxa4 33.Nc5 Qc6 34.Rg3+ Kh8 35.Nf3 Qe8 36.Ng5 Bxg5
37.Qxg5 Qd8 38.Qf4 Rg7 39.Rxg7 Kxg7 40.Ra3 h4 41.Qg4+ Kf8 42.Nxe6+ fxe6 43.Rf3+  1-0

[Event "Zamardi op"]
[Site "Zamardi"]
[Date "1980.??.??"]
[Round "?"]
[White "Kristiansen, Jens"]
[Black "Spiridonov, Nikola"]
[Result "1-0"]
[WhiteElo "2430"]
[BlackElo "2470"]

1.e4 e6 2.d4 d5 3.Nc3 Bb4 4.e5 b6 5.a3 Bxc3+ 6.bxc3 Qd7 7.Nh3 Ba6 8.Bxa6 Nxa6
9.Qg4 f5 10.Qh5+ g6 11.Qe2 Nb8 12.c4 dxc4 13.Qxc4 Qc6 14.Qb3 Qxg2 15.Rg1 Qd5
16.Nf4 Qxb3 17.cxb3 Ne7 18.Nxe6 Nd5 19.Nf4 Nxf4 20.Bxf4 Nc6 21.O-O-O Rd8
22.d5 Ne7 23.d6 cxd6 24.exd6 Nc6 25.Rge1+ Kf7 26.d7 h6 27.Bc7 Ra8 28.Rd6 Nd8
29.Rd5 Nb7 30.b4 Kf6 31.Be5+ Ke6 32.Bxh8+ Kxd5 33.Re8 Rd8 34.Rxd8 Nxd8 35.Bf6 Ne6
36.Kd2 Kc4 37.Kc2 b5 38.h4 f4 39.f3 a6 40.d8=Q Nxd8 41.Bxd8 Kd4 42.Bb6+ Ke5
43.Kd3 Kf5 44.Kd4  1-0

[Event "BCF-ch"]
[Site "Morecambe"]
[Date "1981.08.14"]
[Round "11"]
[White "Hall, John"]
[Black "Bellin, Robert"]
[Result "1/2-1/2"]
[WhiteElo "2240"]
[BlackElo "2390"]

1.e4 e6 2.d4 d5 3.Nc3 Bb4 4.e5 Qd7 5.Bd2 b6 6.Nf3 Ne7 7.Ne2 Bxd2+ 8.Qxd2 Ba6
9.Ng3 Bxf1 10.Nxf1 c5 11.c3  1/2-1/2

[Event "HUN-ch"]
[Site "Budapest"]
[Date "1981.??.??"]
[Round "?"]
[White "Sax, Gyula"]
[Black "Farago, Ivan"]
[Result "1/2-1/2"]
[WhiteElo "2560"]
[BlackElo "2535"]

1.e4 e6 2.d4 d5 3.Nc3 Bb4 4.e5 Ne7 5.a3 Bxc3+ 6.bxc3 c5 7.Qg4 O-O 8.Nf3 Nbc6
9.Bd3 f5 10.exf6 Rxf6 11.Bg5 Rf7 12.Bxe7 Rxe7 13.Qh4 h6 14.O-O c4 15.Bg6 Bd7
16.Rfe1 Be8 17.Bxe8 Rxe8 18.Qh3 Qf6 19.Re2 e5 20.Qh5 g6 21.Qxh6 exd4 22.Rae1 Rxe2
23.Rxe2 dxc3 24.Ng5 Qg7 25.Qh3 Nd4 26.Re5 Rf8 27.Rxd5 Ne2+ 28.Kf1 Nf4 29.Qd7 Nxd5
30.Qxd5+ Kh8 31.Ne6 Qf7 32.Qe5+ Kg8 33.Nxf8 Qxf8 34.Qxc3 b5 35.Qg3 Qe8 36.h4 Qe4
37.Qb8+ Kf7 38.Qxa7+ Kg8 39.Qb8+ Kf7 40.Qc7+ Ke8 41.Qc8+ Ke7 42.Qc7+ Ke8
43.h5 Qxc2 44.Qc6+ Ke7 45.Qc5+ Kf7 46.Qd5+ Kg7 47.g4 c3 48.Qe5+ Kh7 49.Qe7+ Kh6
50.Qe3+ Kh7 51.Qe7+ Kh6 52.Qe3+  1/2-1/2

[Event "Caorle op"]
[Site "Caorle"]
[Date "1981.??.??"]
[Round "1"]
[White "Rosino, Antonio"]
[Black "Djordjevic, Slobodan"]
[Result "1-0"]
[WhiteElo "2270"]
[BlackElo "2000"]

1.e4 e6 2.d4 d5 3.Nc3 Bb4 4.e5 b6 5.Qg4 Bf8 6.Nf3 Ne7 7.Bg5 Qd7 8.Bxe7 Qxe7
9.Nxd5 Qd7 10.Ne3 Qa4 11.c3 Nd7 12.Qe4 Rb8 13.Qc2 Qc6 14.Bd3 Qb7 15.Bxh7 Be7
16.Be4 c6 17.O-O Qc7 18.Rfe1 Bb7 19.Rad1 Rd8 20.c4 Nb8 21.Qb3 Nd7 22.Qc3 a5
23.a3 Nb8 24.h3 Na6 25.Nc2 Rd7 26.b4 axb4 27.axb4 Qc8 28.Rd3 Nc7 29.Qb3 b5
30.c5 Rd8 31.Ra1 Na6 32.Qb2 Rd7 33.Rda3 Bd8 34.Nd2 Kf8 35.Bf3 Nc7 36.Ne4 Be7
37.Nd6 Bxd6 38.cxd6 Nd5 39.Bxd5 exd5 40.Ra7 Qe8 41.Qc3 Kg8 42.Qc5 Qd8 43.Ne3 Rh5
44.Rxb7 Rxb7 45.Qxc6 Rb8 46.Qc7 Ra8 47.Rxa8 Qxa8 48.d7 Qa1+ 49.Nf1 Qxd4 50.d8=Q+ Kh7
51.Qxf7 Qxe5 52.Qdg8+ Kh6 53.Qh8+ Kg5 54.Qhxh5+  1-0

[Event "Caorle op"]
[Site "Caorle"]
[Date "1981.??.??"]
[Round "2"]
[White "Martorelli, Antonio"]
[Black "Messa, Roberto"]
[Result "0-1"]
[WhiteElo "2290"]
[BlackElo "2290"]

1.e4 e6 2.d4 d5 3.Nc3 Bb4 4.e5 Ne7 5.Qg4 Nf5 6.Ne2 Qh4 7.Qxh4 Nxh4 8.Bg5 Nf5
9.g4 h6 10.gxf5 hxg5 11.O-O-O c6 12.Rg1 Be7 13.fxe6 Bxe6 14.h3 Nd7 15.f4 f6
16.exf6 gxf6 17.Re1 Nf8 18.fxg5 fxg5 19.Ng3 Kd7 20.Nd1 Ng6 21.Bd3 Nh4 22.Re3 g4
23.hxg4 Bg5 24.Nf5 Rae8 25.Kb1 Bxe3 26.Ndxe3 Bxf5 27.Nxf5 Nf3 28.Rd1 Re1
29.Rxe1 Nxe1 30.Be2 Rh2 31.Bd1 Nxc2 32.g5 Ke6 33.Bg4 Kf7 34.a3 Kg6 35.Nd6 Kxg5
36.Bd7 Nxd4 37.Nxb7 Rh7 38.Nc5 Nb3 39.Ne6+ Kf6 40.Nf8 Rf7  0-1

[Event "Caorle op"]
[Site "Caorle"]
[Date "1981.??.??"]
[Round "7"]
[White "Freundorfer, Josef"]
[Black "Messa, Roberto"]
[Result "1-0"]
[WhiteElo "2200"]
[BlackElo "2290"]

1.e4 e6 2.d4 d5 3.Nc3 Bb4 4.e5 Ne7 5.Qg4 Nf5 6.Nf3 Nc6 7.a3 Be7 8.Bd3 h5
9.Qf4 a6 10.Ne2 h4 11.h3 Bd7 12.O-O Nh6 13.g3 hxg3 14.Qxg3 Kf8 15.Kh2 Nf5
16.Bxf5 exf5 17.Rg1 g6 18.Nf4 Be8 19.c4 Bh4 20.Qg2 dxc4 21.d5 Ne7 22.Nd4 Qb8
23.Be3 c5 24.Nf3 b6 25.Rad1 Qb7 26.Nxh4 Rxh4 27.Qg5 Rxf4 28.Qh6+ Kg8 29.Bxf4 Nxd5
30.Bg5 f6 31.exf6 Qc7+ 32.f4 Ne3 33.Rde1 Nd5 34.Re7  1-0

[Event "Politiken Cup"]
[Site "Copenhagen"]
[Date "1981.??.??"]
[Round "5"]
[White "Bjarnason, Saevar"]
[Black "Roos, Louis"]
[Result "0-1"]
[WhiteElo "2245"]
[BlackElo "2375"]

1.d4 e6 2.e4 d5 3.Nc3 Bb4 4.e5 Qd7 5.Qg4 f5 6.Qh5+ g6 7.Qf3 b6 8.Nh3 Ba6
9.Bxa6 Nxa6 10.a3 Bxc3+ 11.bxc3 Nb8 12.a4 Nc6 13.Nf4 Na5 14.h4 O-O-O 15.g3 Nc4
16.Kf1 a5 17.Kg2 Ne7 18.Nd3 h6 19.Ba3 g5 20.Qe2 f4 21.Bxe7 Qxe7 22.gxf4 gxf4
23.Nxf4 Rhg8+ 24.Kf1 Qf7 25.Nh5 Nd2+ 26.Qxd2 Qxh5 27.Qe2 Rg4 28.Re1 Rf8 29.Rh3 Qg6
30.Rh1 Rg2 31.Qe3 Qg4 32.Re2 Rf3 33.Qxh6 Rh3  0-1

[Event "Czestochowa"]
[Site "Czestochowa"]
[Date "1981.??.??"]
[Round "9"]
[White "Pinkas, Karol"]
[Black "Gizynski, Tomasz"]
[Result "1/2-1/2"]
[WhiteElo "2395"]
[BlackElo "2235"]

1.e4 e6 2.d4 d5 3.Nc3 Bb4 4.e5 Qd7 5.Nf3 b6 6.Bd2 Bf8 7.a4 a5 8.Nb5 Ba6 9.Be2 c6
10.Na3 Bb4 11.c3 Bxa3 12.Rxa3 Ne7 13.O-O c5 14.Bxa6 Nxa6 15.Qb1  1/2-1/2

[Event "DDR-ch 30th"]
[Site "Fuerstenwalde"]
[Date "1981.??.??"]
[Round "10"]
[White "Paehtz, Thomas Sr"]
[Black "Casper, Thomas"]
[Result "1-0"]
[WhiteElo "2380"]
[BlackElo "2345"]

1.e4 e6 2.d4 d5 3.Nc3 Bb4 4.e5 Ne7 5.a3 Bxc3+ 6.bxc3 c5 7.Qg4 Qc7 8.Qxg7 Rg8
9.Qxh7 cxd4 10.Kd1 Nbc6 11.Nf3 Nxe5 12.Bf4 Qxc3 13.Nxe5 Qxa1+ 14.Bc1 Rf8
15.Bd3 Bd7 16.Ke2 Nc6 17.Nxf7 Rxf7 18.Qh8+ Rf8 19.Bg6+ Ke7 20.Qg7+ Kd6 21.Bf4+ Rxf4
22.Rxa1 Raf8 23.f3 e5 24.Re1 e4 25.Kf2 R4f6 26.h4 Ne5 27.Bxe4 dxe4 28.Rxe4 Nc6
29.h5 R6f7 30.Qg3+ Kc5 31.Qg5+ Kb6 32.Qd2 Bf5 33.Rf4 Bh7 34.Rxf7 Rxf7 35.g4 Be4
36.f4 Kc5 37.Kg3 Kd5 38.f5 Ke5 39.h6 b6 40.Qh2 Rh7 41.Qd2 Ne7 42.c3 d3 43.Qe3 Nc6
44.g5 Rd7 45.Qf4+ Kd5 46.g6 Ne7 47.h7 Nxf5+ 48.Kf2  1-0

[Event "DDR-ch 30th"]
[Site "Fuerstenwalde"]
[Date "1981.??.??"]
[Round "10"]
[White "Rossmann, Helmut"]
[Black "Uhlmann, Wolfgang"]
[Result "1-0"]
[WhiteElo "2280"]
[BlackElo "2475"]

1.e4 e6 2.d4 d5 3.Nc3 Bb4 4.e5 Ne7 5.a3 Bxc3+ 6.bxc3 c5 7.Qg4 Qc7 8.Qxg7 Rg8
9.Qxh7 cxd4 10.Kd1 dxc3 11.Nf3 Nbc6 12.Ng5 Nxe5 13.f4 Rxg5 14.fxg5 N5g6 15.h4 e5
16.h5 Nf8 17.Qg7 Bg4+ 18.Ke1 e4 19.Be3 a6 20.g6 Nf5 21.gxf7+ Qxf7 22.Qe5+ Qe6
23.Bd4 Qxe5 24.Bxe5 Kf7 25.Be2 Bxe2 26.Kxe2 Ke6 27.g4 Nh6 28.Bg7 Nxg4 29.Rag1 Nf6
30.Bxf6 Kxf6 31.Rg8 Kf7 32.Rhg1 d4 33.h6 d3+ 34.cxd3 c2 35.h7 exd3+ 36.Kd2  1-0

[Event "Bundesliga 8081"]
[Site "Germany"]
[Date "1981.??.??"]
[Round "?"]
[White "Herbrechtsmeier, Christof"]
[Black "Lieb, Harald"]
[Result "0-1"]
[WhiteElo "2350"]
[BlackElo "2285"]

1.e4 e6 2.d4 d5 3.Nc3 Bb4 4.e5 Qd7 5.Ne2 b6 6.Nf4 Ba6 7.Qg4 g6 8.Nd3 h5 9.Qh3 Bxc3+
10.bxc3 Qa4 11.Kd1 Nh6 12.Bxh6 Rxh6 13.Nf4 Bxf1 14.Rxf1 Nc6 15.Qh4 Nxd4 16.cxd4 Qxd4+
17.Ke2 Qxe5+ 18.Kd2 Qd4+ 19.Ke2 e5 20.Qf6 Qc4+ 21.Nd3 Qxc2+ 22.Ke1 Qxd3 23.Qc6+ Ke7
24.Qxa8 Qc3+ 25.Ke2 Qb2+ 26.Kd3 g5 27.Rac1 e4+ 28.Ke3 d4+ 29.Kxe4 Re6+ 30.Kd3 Qe2+
31.Kxd4 Rd6+ 32.Kc3 Rd3+  0-1